000 00356nam a2200145 i 4500
001 bg
100 1 _aSIROTIN, Ju. I.
245 0 _aOsnovy kristollofiziki /
_cJu. I. Sirotin, M.P. Saskolskaja.
260 _aMoskva,
_c1975.
700 1 _aSASKOLSKAJA, M. P.
040 _cBPK
041 _apol
942 _cKS
008 s pl f |000 0 pol
999 _c16650
_d16650
856 _uhttp://koha.tu.koszalin.pl/cgi-bin/koha/opac-detail.pl?biblionumber=16650
_yKatalog online BPK